| Tag |
First Indicator |
Second Indicator |
Subfields |
| LEADER |
00000cam a22000001i 4500 |
| 001 |
in00004017708 |
| 006 |
m |o d | |
| 007 |
cr |n||||||||| |
| 008 |
180405s2018 iluab ob 001 0deng d |
| 005 |
20250816191344.0 |
| 020 |
|
|
|a 9780226523255 (electronic bk.)
|
| 020 |
|
|
|a 022652325X (electronic bk.)
|
| 020 |
|
|
|z 9780226523118
|
| 020 |
|
|
|z 022652311X
|
| 024 |
8 |
|
|a 99976207388
|
| 035 |
|
|
|a (NhCcYBP)EBSCO1595757
|
| 040 |
|
|
|a NhCcYBP
|c NhCcYBP
|d UtOrBLW
|
| 043 |
|
|
|a e-uk---
|
| 050 |
|
4 |
|a QH31.D2
|b S66 2018
|
| 082 |
0 |
4 |
|a 576.8/2092
|2 23
|
| 100 |
1 |
|
|a Sponsel, Alistair William,
|d 1978-
|e author.
|0 http://id.loc.gov/authorities/names/no2009051810
|
| 245 |
1 |
0 |
|a Darwin's evolving identity :
|b adventure, ambition, and the sin of speculation /
|c Alistair Sponsel.
|
| 264 |
|
1 |
|a Chicago ;
|a London :
|b The University of Chicago Press,
|c [2018]
|
| 300 |
|
|
|a 1 online resource.
|
| 336 |
|
|
|a text
|b txt
|2 rdacontent
|
| 337 |
|
|
|a computer
|b c
|2 rdamedia
|
| 338 |
|
|
|a online resource
|b cr
|2 rdacarrier
|
| 504 |
|
|
|a Includes bibliographical references and index.
|
| 505 |
0 |
0 |
|g Theorizing on the move.
|t Darwin's opportunity --
|t An amphibious being --
|t Studying dry land with a maritime perspective --
|t The making of a eureka moment --
|t The surveyor-naturalist --
|g Training in theory.
|t Lyell claims Darwin as a student --
|t Darwin's audacity, Lyell's choreography --
|t Burned by success --
|g A different approach to authorship.
|t The life of a tormented geologist (and enthusiastic evolutionist) --
|t A finished task: Darwin's treatise on coral reefs --
|t Writing the Origin with his "fingers burned" --
|t Atoning for the sin of speculation.
|
| 588 |
|
|
|a Description based on print version record.
|
| 500 |
|
|
|a Electronic resource.
|
| 600 |
1 |
0 |
|a Darwin, Charles,
|d 1809-1882.
|0 http://id.loc.gov/authorities/names/n78095637
|
| 600 |
1 |
0 |
|a Darwin, Charles,
|d 1809-1882
|x Authorship.
|
| 600 |
1 |
0 |
|a Darwin, Charles,
|d 1809-1882
|x Knowledge
|x Geology.
|
| 600 |
1 |
0 |
|a Lyell, Charles,
|c Sir,
|d 1797-1875.
|0 http://id.loc.gov/authorities/names/n82000959
|
| 650 |
|
0 |
|a Geology
|z Great Britain
|x History
|y 19th century.
|
| 655 |
|
7 |
|a Electronic books.
|2 local
|
| 710 |
2 |
|
|a EBSCOhost.
|
| 776 |
1 |
8 |
|c Original
|z 9780226523118
|z 022652311X
|w (DLC) 2017031816
|
| 856 |
4 |
0 |
|u http://proxy.library.tamu.edu/login?url=http://search.ebscohost.com/login.aspx?direct=true&scope=site&db=nlebk&db=nlabk&AN=1595757
|z Connect to the full text of this electronic book
|t 0
|
| 955 |
|
|
|a YBP purchased firm e-records
|
| 980 |
|
|
|b 75.00
|g 1
|
| 987 |
|
|
|a ybp14716345
|
| 999 |
f |
f |
|s f15cc64a-7cb5-37c5-b7c2-ff636657d5c2
|i 992a6678-45e1-39c6-befb-a30bf0f5a032
|t 0
|
| 952 |
f |
f |
|a Texas A&M University
|b College Station
|c Electronic Resources
|d Available Online
|t 0
|e QH31.D2 S66 2018
|h Library of Congress classification
|
| 998 |
f |
f |
|a QH31.D2 S66 2018
|t 0
|l Available Online
|